000 00480nam a2200193Ia 4500
008 151121s9999||||xx |||||||||||||| ||und||
082 _a320/CAS
082 _bHNW-2429
100 _aCastiglione S।
245 _aPolitics & Morals
260 _b"George Allen & Unwin Ltd, London।"
260 _c--
300 _a138
600 _aCastiglione S।
630 _aPolitics & Morals
700 _aCastiglione S।
730 _aPolitics & Morals
942 _cBOOK
999 _c1211308
_d1211305